00639nam a2200205Ia 450000500170000000800410001702000180005805000170007610000290009324500350012226000400015730000180019733700100021533800140022550000640023950500380030365000170034170000340035870000410039220231102151831.0120630t 1988mx ap 000 0 spa d a9789684221949 aBF121bP3618 aPAPALIA, Diane E.eautor00aPsicologíacDiane E. Papalia aMéxicob : Mc Graw Hillc , 1988 a762 páginas atexto asin medio aPlan Flexible Psicología Experimental (P21-4) (19 000024) aIncluye bibliografía e índice aPsicología aWENDKOS OLDS, Sally.ecouator aCASTELLVI MASJUAN, Pere, etraductor